Practical richfaces (Record no. 10898)
[ view plain ]
| 000 -LEADER | |
|---|---|
| fixed length control field | 00438 a2200181 4500 |
| 020 ## - INTERNATIONAL STANDARD BOOK NUMBER | |
| International Standard Book Number | 9781430234494 |
| 082 ## - DEWEY DECIMAL CLASSIFICATION NUMBER | |
| Classification number | 005.133 |
| 090 ## - LOCALLY ASSIGNED LC-TYPE CALL NUMBER (OCLC); LOCAL CALL NUMBER (RLIN) | |
| -- | 7093 |
| -- | 7093 |
| 100 ## - MAIN ENTRY--PERSONAL NAME | |
| Personal name | Katz, Max |
| 110 ## - MAIN ENTRY--CORPORATE NAME | |
| Corporate name or jurisdiction name as entry element | Shaikovsky, Ilya |
| 245 ## - TITLE STATEMENT | |
| Title | Practical richfaces |
| Statement of responsibility, etc. | Max Katz |
| 250 ## - EDITION STATEMENT | |
| Edition statement | 2nd ed. |
| 260 ## - PUBLICATION, DISTRIBUTION, ETC. | |
| Place of publication, distribution, etc. | New York |
| Name of publisher, distributor, etc. | Apress |
| Date of publication, distribution, etc. | 2011 |
| 300 ## - PHYSICAL DESCRIPTION | |
| Extent | 392 p. |
| 650 ## - SUBJECT ADDED ENTRY--TOPICAL TERM | |
| Topical term or geographic name entry element | Web sites--Design--JavaServer pages |
| 700 ## - ADDED ENTRY--PERSONAL NAME | |
| Personal name | Max Katz |
| 942 ## - ADDED ENTRY ELEMENTS (KOHA) | |
| Koha item type | Book |
| Call number prefix | 005.133 KAT |
| Withdrawn status | Lost status | Damaged status | Not for loan | Collection code | Permanent Location | Current Location | Shelving location | Date acquired | Source of acquisition | Cost, normal purchase price | Total Checkouts | Full call number | Barcode | Date last seen | Price effective from | Koha item type | Date last checked out |
|---|---|---|---|---|---|---|---|---|---|---|---|---|---|---|---|---|---|
| Central Library (CL) | Central Library (CL) | First Floor - Software Engineering/ Programming Language | 04/20/2012 | Allied Book Company | 790.41 | 005.133 KAT | SEECS011246 | 11/14/2012 | 01/05/2017 | Book | |||||||
| Central Library (CL) | Central Library (CL) | First Floor - Software Engineering/ Programming Language | 04/20/2012 | Allied Book Company | 790.41 | 005.133 KAT | SEECS011245 | 11/14/2012 | 01/05/2017 | Book | |||||||
| Central Library (CL) | Central Library (CL) | First Floor - Software Engineering/ Programming Language | 04/20/2012 | Allied Book Company | 790.41 | 005.133 KAT | SEECS011244 | 11/14/2012 | 01/05/2017 | Book | |||||||
| Central Library (CL) | Central Library (CL) | First Floor - Software Engineering/ Programming Language | 05/21/2012 | Global~Link Information Services | 4361.63 | 005.133 KAT | SEECS011301 | 11/14/2012 | 01/05/2017 | Book | |||||||
| Central Library (CL) | Central Library (CL) | First Floor - Software Engineering/ Programming Language | 05/21/2012 | Global~Link Information Services | 4361.63 | 005.133 KAT | SEECS011302 | 11/14/2012 | 01/05/2017 | Book | |||||||
| Central Library (CL) | Central Library (CL) | First Floor - Software Engineering/ Programming Language | 05/21/2012 | Global~Link Information Services | 4361.63 | 1 | 005.133 KAT | SEECS011303 | 05/19/2014 | 01/05/2017 | Book | 04/23/2014 |
